000 00857nam a22002177a 4500
999 _c18019
_d18019
003 OSt
005 20250214062520.0
008 230325b ||||| |||| 00| 0 eng d
040 _c0
082 _aDPer 647.94068 In821 2020 v21 no. 1-4
100 _aMejia, Cynthia.
_eauthor.
_948202
245 _aThe impact of personal and professional guanxi relationships on leader-member exchange in the chinese hotel industry/
_cCynthia Mejia, Youcheng Wang,, and Xinyuan (Roy) Zhao
260 _aUnited Kingdom :
_bTaylor & Francis Group,
_cJanuary-March 2020.
300 _aVolume 21, pages 65-91 illustration.
650 _aHotels and motels.
_948203
650 0 _aService industries.
_915189
700 _aMejia, Cynthia.
_eauthor.
_948202
700 _aWang, Youcheng.
_eauthor.
_948204
700 _aZhao, Xinyuan (Roy).
_eauthor.
_948205
942 _2ddc
_cPER